Statistics for New York John F. Kennedy Airport (JFK) Destinations

Click here to take the quiz!

General Stats

  • This quiz has been taken 2,163 times
    (1,895 since last reset)
  • The average score is 112 of 199

Answer Stats

HintAnswer% Correct
British AirwaysLondon-City
92%
British Airways, Norwegian Air ShuttleLondon-Gatwick
92%
American, British Air, Delta, Virgin AtlanticLondon-Heathrow
92%
Air France, American, Delta, Norwegian Air Shuttle, XL Airways FranceParis-Charles de Gaulle
91%
Air FranceParis-Orly
91%
Aer Lingus, American, DeltaDublin
90%
Air ChinaBeijing
89%
Alaska Air, American, Delta, JetBlueLos Angeles
88%
Air Europa, American, Delta, IberiaMadrid
88%
Aeromexico, Delta, Interjet, VolarisMexico City
88%
All Nippon Airways, Japan AirTokyo-Haneda
88%
All Nippon Airways, Delta, Japan AirTokyo-Narita
88%
American, DeltaMiami
87%
Aeroflot, DeltaMoscow-Sheremetyevo
87%
Alitalia, American, DeltaRome-Fiumicino
87%
American, Delta, Delta ConnectionDallas/Fort Worth
86%
Alaska Air, American, Delta, JetBlueSeattle/Tacoma
86%
American, Delta, Delta Connection, JetBlueBoston
85%
American, Delta, Delta Connection, JetBlueChicago-O'hare
85%
Alaska Air, American, Delta, JetBlueSan Francisco
85%
EmiratesDubai
84%
American Eagle, Delta ConnectionToronto-Pearson
84%
Delta, KLMAmsterdam
83%
Delta, Lufthansa, Singapore AirFrankfurt
83%
JetBlueHouston-Hobby
83%
TAP PortugalLisbon
83%
Norwegian Air ShuttleOslo
83%
Delta, JetBlueAtlanta
82%
American, DeltaBarcelona
82%
Cathay PacificHong Kong
82%
Alitalia, American, Delta, EmiratesMilan-Malpensa
82%
Delta, LufthansaBerlin-Tegel
81%
Air IndiaDelhi
81%
Turkish AirlinesIstanbul
81%
American, DeltaRio de Janeiro
81%
Asiana Air, Korean AirSeoul-Incheon
81%
China EasternShanghai-Pudong
81%
Aerolineas Argentinas, American, LATAM ChileBuenos Aires
80%
Delta, Swiss Intl AirZurich
80%
EgyptairCairo
79%
FinnairHelsinki
79%
Air IndiaMumbai
79%
Delta Connection, JetBluePortland (ME)
79%
Alaska Air, Delta, JetBluePortland (OR)
79%
LATAM ChileSantiago de Chile
79%
Delta, JetBlueSantiago de los Caballeros
79%
Singapore AirSingapore
79%
Delta, Norwegian Air ShuttleStockholm-Arlanda
79%
Cathay Pacific, Delta, Philippine AirlinesVancouver
79%
American, American EagleWashington-National
79%
Brussels Air, DeltaBrussels
78%
LufthansaMunich
78%
American, Delta, JetBlueOrlando
78%
American, Delta, JetBlueSan Diego
78%
DeltaSan Jose del Cabo
78%
QantasSydney
78%
Delta, JetBlueDenver
77%
JetBlueSan Jose (CA)
77%
Delta, Volaris Costa RicaSan Jose (CR)
77%
American, Avianca Brazil, Delta, LATAM BrasilSao Paulo
77%
Avianca, DeltaBogota
76%
Delta, Hawaiian AirHonolulu
76%
Thomas Cook Air, Virgin AtlanticManchester (UK)
76%
LOT PolishWarsaw
76%
Aeromexico, American, Delta, Interjet, JetBlue, VolarisCancun
75%
Delta, Delta ConnectionDetroit
75%
American Eagle, Delta ConnectionMontreal-Trudeau
75%
Austrian AirVienna
75%
Qatar AirDoha
74%
Alaska Air, American, Delta, JetBlueLas Vegas
74%
American, Delta, JetBluePhoenix
74%
Etihad AirwaysAbu Dhabi
73%
American, Delta, JetBlueAustin
73%
Delta, Norwegian Air ShuttleCopenhagen
73%
LATAM ChileLima
73%
American, Delta Connection, JetBlueCharlotte
72%
South African AirJohannesburg
72%
Delta, Delta Connection, JetBlueTampa
72%
Delta, Delta Connection, Sun CountryMinneapolis/St. Paul
71%
Delta, El AlTel Aviv
70%
Caribbean Air, Delta, Fly Jamaica Air, JetBlueKingston
69%
Philippine AirlinesManila
69%
American Eagle, Delta ConnectionPhiladelphia
69%
Swiss International AirGeneva
68%
Ukraine International AirKiev
68%
Copa AirPanama City
68%
SaudiaRiyadh
67%
DeltaAthens
66%
Delta, Delta Connection, JetBlueNew Orleans
66%
WestJetCalgary
65%
Royal Air MarocCasablanca
64%
Delta, JetBlueHavana
64%
Avianca Costa Rica, Avianca El Salvador, Volaris Costa RicaSan Salvador
64%
China Airlines, EVA AirTaipei-Taoyuan
64%
American EagleNashville
63%
Delta, Icelandair, WOW AirReykjavik
63%
Delta, JetBlueSalt Lake City
63%
DeltaSan Antonio
63%
Delta, JetBlueNassau
62%
TAMEQuito
62%
Air SerbiaBelgrade
61%
American Eagle, Delta ConnectionCleveland
61%
China SouthernGuangzhou
61%
Delta Connection, JetBlueJacksonville
61%
Kuwait AirwaysKuwait City
59%
Air Europa, Delta, JetBlueSanto Domingo
59%
American Eagle, Delta ConnectionBaltimore
58%
American Eagle, Delta, Delta ConnectionPittsburgh
58%
Delta, JetBlueSan Juan
58%
Royal JordanianAmman
57%
American, DeltaEdinburgh
57%
American EagleIndianapolis
57%
SaudiaJeddah
56%
American Eagle, Delta, Delta Connection, JetBlueRaleigh/Durham
56%
JetBlueSacramento
56%
Delta Connection, JetBlueBuffalo
55%
Pakistan International AirlinesIslamabad
54%
Pakistan International AirlinesKarachi
54%
Azerbaijan AirlinesBaku
53%
American Eagle, Delta ConnectionColumbus (OH)
53%
Delta, JetBlueFort Lauderdale
53%
VolarisGuadalajara
53%
DeltaGlasgow
52%
DeltaVenice
52%
MeridianaNaples
50%
American, JetBluePort au Prince
50%
DeltaPrague
50%
DeltaGuatemala City
49%
American Eagle, Delta, Delta ConnectionCincinnati
48%
Aeromexico ConnectMonterrey
47%
EurowingsDusseldorf
46%
AviancaMedellin
46%
DeltaNice
46%
Aer Lingus, DeltaShannon
46%
Pakistan International AirlinesLahore
45%
JetBlueOakland
45%
Delta, Delta Connection, JetBlueCharleston (SC)
43%
DeltaLagos
42%
Caribbean Air, JetBluePort of Spain
42%
Delta ConnectionRichmond
41%
Uzbekistan AirTashkent
41%
JetBlueAlbuquerque
40%
AviancaCali
40%
Caribbean Air, Delta, JetBlueMontego Bay
38%
American, Delta, JetBluePunta Cana
38%
Hainan AirChengdu
36%
JetBlueReno/Tahoe
34%
Delta Connection, JetBlueRochester
34%
LATAM EcuadorGuayaquil
33%
Delta, Delta Connection, JetBlueSavannah
33%
DeltaDakar
32%
Delta, Delta Connection, JetBlueFort Myers
32%
AmericanTucson
32%
DeltaAccra
31%
Delta, JetBlueAruba
31%
American EagleNorfolk
31%
Delta Connection, JetBlueSyracuse
31%
Delta, JetBlueBarbados
30%
Avianca, JetBlueCartagena
30%
Norwegian Air ShuttleBergen
29%
Caribbean Air, Fly Jamaica AirGeorgetown
29%
American, JetBlueAntigua
28%
American, Delta, JetBlueBermuda
27%
American, DeltaSt. Kitts
27%
Delta, JetBlueSt. Lucia–Hewanorra
27%
Delta, Delta Connection, JetBlueWest Palm Beach
26%
Hainan AirChongqing
25%
Cayman Air, Delta, JetBlueGrand Cayman
25%
DeltaMalaga
24%
JetBlueCuracao
23%
Caribbean AirSt. Vincent–Argyle
23%
JetBlueLong Beach
22%
Delta Connection, JetBlueBurlington
21%
Delta, JetBlueGrenada
21%
MeridianaPalermo
21%
JetBlueBurbank
19%
Delta, Delta Connection, JetBlueSarasota
19%
American, Delta, JetBlueSt. Maarten
19%
Avianca El SalvadorSan Pedro Sula
18%
Delta, Delta ConnectionBangor
17%
JetBlueLiberia
17%
American, DeltaSt. Thomas
17%
Alaska Air, JetBluePalm Springs
16%
XiamenairFuzhou
14%
JetBlueDaytona Beach
13%
American, Delta, JetBlueProvidenciales
13%
JetBluePuerto Plata
13%
Delta Connection, JetBlueMartha's Vineyard
12%
Delta Connection, JetBlueNantucket
12%
Caribbean AirTobago
12%
AmericanEagle/Vail
11%
DeltaJackson Hole
11%
Norwegian Air ShuttleFort-de-France
10%
JetBluePonce
10%
JetBlueAguadilla
8%
Norwegian Air ShuttlePointe-a-Pitre
7%
JetBlueHyannis
6%
JetBlueLa Romana
6%
AviancaPereira
4%

Score Distribution

Percentile by Number Answered

Percent of People with Each Score

Your Score History

You have not taken this quiz since the last reset